Stations fantômes du métro de Paris - Statistiques

Statistiques générales
  • Ce quiz a été pris 82 fois
  • Le résultat moyen est 7 sur 18
Statistiques - réponses
Ligne Station % Correct
3b 7b Haxo
76%
5 Arsenal
72%
8 9 Saint-Martin
70%
10 Croix-Rouge
63%
9 10 Porte Molitor
50%
1 Porte Maillot
48%
3b 7b Porte Des Lilas - Cinéma
44%
8 Champ de Mars
39%
3 Martin Nadaud
39%
2 Victor Hugo
35%
8 Invalides
33%
1 La Défense - Michelet
33%
4 Les Halles
31%
12 Porte de Versailles
30%
1 Elysées - La Défense
22%
5 Gare du Nord USFRT
22%
7 Orly-Sud
9%
10 Bruneseau - Masséna
7%
Aucun quiz correspondant
Distribution des résultats
% des personnes avec chaque résultat
Percentile par nombre de réponses
Votre historique - résultats
Vous n’avez pas pris ce quiz